000 00411nam a2200169Ia 4500
003 GCL
008 140319s9999 xx 000 0 eng d
040 _aGCL /
_cGCL
082 0 4 _a615.781.03
_bA T
100 1 _aAITKENHEAD, A. R.
245 1 0 _aTEXTBOOK OF ANAESTHESIA /
_cAITKENHEAD, A. R.
700 1 _aSMITH, G.
260 _a[S.N] :
_bELBS
300 _a773\P
650 0 4 _aANAESTHESIA
942 _2ddc
_cBK
999 _c20029
_d20029